Majetková nerovnosť a sociálna funkcia súkromného práva (aktuálna úvaha)

Narastanie majetkovej nerovnosti a jej negatívne spoločensko-ekonomické, sociálne i právne dôsledky. Ekonomické, politické, sociálne, etické a právne dôsledky. Sociálna funkcia súkromného práva vo svetle rastúcej majetkovej nerovnosti. Predpoklady riešenia.

Salvato in:
Dettagli Bibliografici
Autore principale: Lazar, Ján
Natura: Capitolo di libro
Lingua:slovacco
Soggetti:
Tags: Aggiungi Tag
Nessun Tag, puoi essere il primo ad aggiungerne!!

MARC

LEADER 00000naa a2200000 4500
001 0221936
005 20220719123548.9
041 0 |a slo 
044 |a SK 
245 1 0 |a Majetková nerovnosť a sociálna funkcia súkromného práva  |b (aktuálna úvaha)  |c Ján Lazar 
520 |a Narastanie majetkovej nerovnosti a jej negatívne spoločensko-ekonomické, sociálne i právne dôsledky. Ekonomické, politické, sociálne, etické a právne dôsledky. Sociálna funkcia súkromného práva vo svetle rastúcej majetkovej nerovnosti. Predpoklady riešenia. 
610 2 0 |a nerovnosť sociálna 
610 2 0 |a majetok 
610 2 0 |a právo súkromné 
610 2 0 |a akumulácia kapitálu 
100 1 |a Lazar, Ján